Brock βιολογία των μικροοργανισμών
Αποθηκεύτηκε σε:
| Κύριοι συγγραφείς: | , , , , |
|---|---|
| Άλλοι συγγραφείς: | , |
| Μορφή: | Βιβλίο |
| Γλώσσα: | Greek English |
| Δημοσίευση: |
Ηράκλειο :
Πανεπιστημιακές Εκδόσεις Κρήτης,
2018-2021.
|
| Σειρά: | Πανεπιστημιακή Βιβλιοθήκη θετικών Επιστημών / Βιολογία
|
| Θέματα: | |
| Ετικέτες: |
Προσθήκη ετικέτας
Δεν υπάρχουν, Καταχωρήστε ετικέτα πρώτοι!
|
MARC
| LEADER | 00000cam a2200000 i 4500 | ||
|---|---|---|---|
| 001 | 1/119092 | ||
| 008 | 190610s2018 gr |||||||||||||| ||gre|| | ||
| 020 | |a 9789605245238 |q (σκληρό εξώφυλλο) | ||
| 040 | |a GR-MY-UA |b gre |e aacr | ||
| 041 | 1 | |a gre |h eng | |
| 082 | 0 | |a 579 |2 (23) | |
| 245 | 0 | 0 | |a Brock βιολογία των μικροοργανισμών / |c Michael T. Madigan... [et al.] ; απόδοση στα ελληνικά: Δήμος Αυγερινός... [κ.ά.] ; επιστημονική επιμέλεια: Τάσος Οικονόμου. |
| 246 | 3 | 3 | |a Βιολογία των μικροοργανισμών |
| 260 | |a Ηράκλειο : |b Πανεπιστημιακές Εκδόσεις Κρήτης, |c 2018-2021. | ||
| 300 | |a 1166 σ. : |b εικ. ; |c 29 εκ. | ||
| 490 | 0 | |a Πανεπιστημιακή Βιβλιοθήκη θετικών Επιστημών / Βιολογία | |
| 500 | |3 Μετάφραση του : Brock biology of microorganisms. | ||
| 500 | |3 Το παράρτημα της Λήμνου διαθέτει την επανέκδοση του 2018, του 2020 και του 2021. | ||
| 504 | |a Περιέχει ευρετήριο. | ||
| 650 | 0 | 0 | |a Microbiology. |
| 700 | 1 | |a Madigan, Michael T., |d 1949- |e aut | |
| 700 | 1 | |a Martinko, John M. |e aut | |
| 700 | 1 | |a Bender, Kelly S., |d 1977- |e aut | |
| 700 | 1 | |a Buckley, Daniel H. |q (Daniel Hezekiah) |e aut | |
| 700 | 1 | |a Stahl, David Allan, |d 1949- |e aut | |
| 700 | 1 | |a Αυγερινός, Δήμος, |e trl | |
| 700 | 1 | |a Οικονόμου, Τάσος, |e edt | |
| 852 | |a INST |b LEMNOS |c EUDOXUS |e 20190919 |h 579 BRO |p 005600001887 |q 005600001887 |t EDX |y 0 | ||
| 852 | |a INST |b LEMNOS |c EUDOXUS |e 20190610 |h 579 BRO |p 005600002402 |q 005600002402 |t EDX |y 0 | ||
| 852 | |a INST |b LEMNOS |c EUDOXUS |e 20231129 |h 579 BRO |p 005600003202 |q 005600003202 |t EDX |y 0 | ||
| 852 | |a INST |b LEMNOS |c EUDOXUS |e 20210709 |h 579 BRO |p 005600003461 |q 005600003461 |t EDX |y 0 | ||
| 852 | |a INST |b LESVOS |e 20200918 |h 579 MAD |p 005100062220 |q 005100062220 |t BK |y 0 | ||
| 920 | |a Εύδοξος |b Παραγγελία |y Λήμνος-ΤΕΤΔ |z 2019-04 | ||
| 920 | |a Εύδοξος |b Επιστροφή |y Λήμνος-ΤΕΤΔ |z 2019-09 | ||
| 920 | |a Εύδοξος |b Παραγγελία |y Λήμνος-ΤΕΤΔ |z 2021-05 | ||
| 920 | |a Εύδοξος |b Επιστροφή |y Λήμνος-ΤΕΤΔ |z 2022-12 | ||
| 970 | |a Ξενιτοπούλου |b Κωνσταντία |z 10/06/2019 | ||